The building regulations: (Record no. 2046)

MARC details
000 -LEADER
fixed length control field 00781nam a22002177a 4500
005 - DATE AND TIME OF LATEST TRANSACTION
control field 20230329081844.0
008 - FIXED-LENGTH DATA ELEMENTS--GENERAL INFORMATION
fixed length control field 230328b |||||||| |||| 00| 0 eng d
020 ## - INTERNATIONAL STANDARD BOOK NUMBER
International Standard Book Number 978-1-405-19502-7
082 ## - DEWEY DECIMAL CLASSIFICATION NUMBER
Classification number 343.4107869 B868 2019
100 ## - MAIN ENTRY--PERSONAL NAME
Personal name Billington, Micheal J.
Relator term author
245 ## - TITLE STATEMENT
Title The building regulations:
Remainder of title explained and illustrated /
Statement of responsibility, etc. M. J. [Michael J.] Billington, S.P. [Stephen P.] Barnshaw, K. T. [Keith T.] Bright, A. [Andy] Crooks
250 ## - EDITION STATEMENT
Edition statement 14th ed.
260 ## - PUBLICATION, DISTRIBUTION, ETC.
Place of publication, distribution, etc. West Sussex, UK:
Name of publisher, distributor, etc. Wiley Blackwell,
Date of publication, distribution, etc. c2017.
300 ## - PHYSICAL DESCRIPTION
Extent xvii, 998p.:
Other physical details ill.
504 ## - BIBLIOGRAPHY, ETC. NOTE
Bibliography, etc. note Includes index
541 ## - IMMEDIATE SOURCE OF ACQUISITION NOTE
Accession number 6365
650 ## - SUBJECT ADDED ENTRY--TOPICAL TERM
Topical term or geographic name entry element Building - Law and legislation - England
700 ## - ADDED ENTRY--PERSONAL NAME
Personal name Barmshaw, Stephen P.
Relator term author
700 ## - ADDED ENTRY--PERSONAL NAME
Personal name Bright, Keith T.
Relator term author
700 ## - ADDED ENTRY--PERSONAL NAME
Personal name Crooks, Andy
Relator term author
Holdings
Withdrawn status Lost status Source of classification or shelving scheme Damaged status Not for loan Home library Current library Date acquired Total Checkouts Full call number Barcode Date last seen Copy number Price effective from Koha item type
    Dewey Decimal Classification     ctu-moalboal ctu-moalboal 03/19/2020   343.4107869 B868 2019 6365 03/28/2023 1 03/28/2023 Books-Reference